000 00814 a2200169 4500
003 Nust
005 20221118124141.0
020 _a0039220494
040 _cNust
082 _a515,CAL
245 _aCalculus /
_cEditors Ronald G. Dunkley and Ronald G. Scoins
260 _aNew York
_bRinehart
_c1988
300 _a450p.
505 _aChapter 1:- Introduction to calculus (Page-1), Chapter 2:- Differentiation (Page-57), Chapter 3:- Applications of the derivative (Page-105), Chapter 4:- Curve Sketching (Page-166), Chapter 5:- Trigonometric functions and their derivatives (Page-227), Chapter 6:- Derivatives of algorithms and exponential functions (Page-287), Ant derivatives and differential equations (Page-335), Chapter 8:- Areas and integrals (Page-379).
650 _aCalculus
942 _2ddc
_cBK
_k515,CAL
999 _c193394
_d193394